Capitales contenant la lettre M - Statistiques

Statistiques générales
  • Ce quiz a été pris 833 fois
  • Le résultat moyen est 31 sur 50
Statistiques - réponses
Afrique % Correct
Madrid
95%
Mexico
86%
Moscou
84%
Montevideo
83%
Amsterdam
81%
Monaco
81%
Lima
78%
Manille
78%
Minsk
76%
Stockholm
75%
Rome
72%
Luxembourg
71%
Mogadiscio
69%
Panama
69%
Paramaribo
68%
Bamako
67%
Jerusalem
67%
Maputo
67%
Saint-Marin
66%
Amman
64%
Managua
64%
Islamabad
62%
Malé
62%
Manama
62%
Mascate
62%
Yamoussoukro
62%
Damas
61%
Monrovia
61%
Katmandou
60%
Guatemala
59%
Port Moresby
59%
Belmopan
57%
Khartoum
57%
Lomé
57%
Moroni
57%
Kampala
56%
Saint-Domingue
56%
Malabo
55%
Maseru
54%
Kuala Lumpur
53%
Asmara
52%
Mbabane
50%
Phnom Penh
50%
Dodoma
49%
Niamey
49%
Majuro
48%
Thimphou
48%
N'Djaména
43%
São Tomé
43%
Melekeok / Ngerulmud
41%
Aucun quiz correspondant
Distribution des résultats
% des personnes avec chaque résultat
Percentile par nombre de réponses
Votre historique - résultats
Vous n’avez pas pris ce quiz